[Event "La Pobla de Lillet op"]
[Site "La Pobla de Lillet ESP"]
[Date "2009.??.??"]
[Round "7.2"]
[White "Ayza Ballester, J."]
[Black "Granero Roca, A."]
[Result "0-1"]
[WhiteElo "2294"]
[BlackElo "2433"]
[PlyCount "104"]
[EventDate "2009.08.02"]
[EventType "swiss"]
[EventRounds "9"]
[EventCountry "ESP"]
[SourceTitle "Ajedrez en Madrid"]
[Source "lmi"]
[SourceDate "2020.06.24"]
[SourceVersion "1"]
[SourceVersionDate "2020.06.25"]
[SourceQuality "1"]

1. e4 c5 2. Nf3 Nc6 3. d4 cxd4 4. Nxd4 g6 5. Nc3 Bg7 6. Be3 Nf6 7. Bc4 O-O 8.
Bb3 a5 9. a4 d6 10. h3 Bd7 11. O-O Nxd4 12. Bxd4 Bc6 13. Qd3 Nd7 14. Bxg7 Kxg7
15. Qe2 Rc8 16. Kh1 Qb6 17. Ra2 Qb4 18. Bd5 Nf6 19. Bxc6 Rxc6 20. e5 dxe5 21.
Qxe5 Rd8 22. Qe3 Re6 23. Qc1 Ne4 24. Nxe4 Rxe4 25. c3 Qc4 26. Ra1 Re2 27. Qg5
Rdd2 28. Qxa5 Qe4 29. b4 Rxf2 30. Rxf2 Rxf2 31. Qg5 Rc2 32. Qg3 Qc6 33. Qe5+
Kh6 34. Qe3+ g5 35. Qg3 Rxc3 36. Qg4 Rc4 37. Qf5 Rf4 38. Qe5 Rf2 39. Rg1 Qf6
40. Qxf6+ exf6 41. Rc1 Rb2 42. b5 Kg6 43. Rc7 Rb4 44. Rxb7 Rxa4 45. Rb8 h5 46.
g3 Rb4 47. b6 f5 48. b7 Kg7 49. Kg2 g4 50. h4 Rb2+ 51. Kf1 Kf6 52. Kg1 f4 0-1

[Event "La Pobla de Lillet op"]
[Site "La Pobla de Lillet ESP"]
[Date "2009.??.??"]
[Round "7.3"]
[White "Matnadze, A."]
[Black "Guramishvili, S."]
[Result "1/2-1/2"]
[WhiteElo "2413"]
[BlackElo "2339"]
[PlyCount "31"]
[EventDate "2009.08.02"]
[EventType "swiss"]
[EventRounds "9"]
[EventCountry "ESP"]
[SourceTitle "Ajedrez en Madrid"]
[Source "lmi"]
[SourceDate "2020.06.24"]
[SourceVersion "1"]
[SourceVersionDate "2020.06.25"]
[SourceQuality "1"]

1. d4 Nf6 2. Nf3 e6 3. c4 c5 4. d5 exd5 5. cxd5 Bd6 6. Nc3 Bc7 7. e4 d6 8. Bd3
a6 9. a4 O-O 10. h3 Nbd7 11. O-O Re8 12. Bf4 Nf8 13. Bh2 Bd7 14. Nd2 Rb8 15. a5
Ng6 16. Re1 1/2-1/2

[Event "La Pobla de Lillet op"]
[Site "La Pobla de Lillet ESP"]
[Date "2009.??.??"]
[Round "7.4"]
[White "Oms Fuentes, L."]
[Black "Ayza Leon, D."]
[Result "1-0"]
[WhiteElo "2351"]
[BlackElo "2216"]
[PlyCount "115"]
[EventDate "2009.08.02"]
[EventType "swiss"]
[EventRounds "9"]
[EventCountry "ESP"]
[SourceTitle "Ajedrez en Madrid"]
[Source "lmi"]
[SourceDate "2020.06.24"]
[SourceVersion "1"]
[SourceVersionDate "2020.06.25"]
[SourceQuality "1"]

1. c4 Nf6 2. Nc3 d6 3. g3 g6 4. Bg2 Bg7 5. e4 e5 6. Nge2 O-O 7. d3 c6 8. O-O
Nh5 9. Be3 f5 10. Qd2 Na6 11. f4 Nc7 12. c5 d5 13. exd5 Nxd5 14. Nxd5 cxd5 15.
fxe5 Bxe5 16. d4 Bc7 17. Bg5 Nf6 18. Nc3 Be6 19. Rae1 Qd7 20. Bxf6 Rxf6 21.
Rxe6 Rxe6 22. Bxd5 Kg7 23. Bxe6 Qxe6 24. Re1 Qf7 25. Qe2 Kf8 26. d5 Re8 27.
Qxe8+ Qxe8 28. Rxe8+ Kxe8 29. Kg2 Be5 30. Kf3 Kd7 31. Ke3 h6 32. Nd1 g5 33. b4
f4+ 34. Kf3 fxg3 35. hxg3 h5 36. Nf2 g4+ 37. Kg2 a6 38. Ne4 Bd4 39. a4 Kc7 40.
b5 axb5 41. axb5 Kd7 42. Kf1 Be5 43. Ke2 Kc7 44. b6+ Kd7 45. Ke3 Kd8 46. c6 Kc8
47. Kd3 Kb8 48. Kc4 bxc6 49. dxc6 h4 50. gxh4 g3 51. Nxg3 Bxg3 52. h5 Bf4 53.
Kd5 Kc8 54. Ke4 Bd2 55. Kf5 Be3 56. b7+ Kc7 57. Kg6 Bf4 58. h6 1-0

[Event "La Pobla de Lillet op"]
[Site "La Pobla de Lillet ESP"]
[Date "2009.??.??"]
[Round "7.5"]
[White "Mirzoev, A."]
[Black "Perez Campos, A."]
[Result "1-0"]
[WhiteElo "2559"]
[BlackElo "2215"]
[PlyCount "87"]
[EventDate "2009.08.02"]
[EventType "swiss"]
[EventRounds "9"]
[EventCountry "ESP"]
[SourceTitle "Ajedrez en Madrid"]
[Source "lmi"]
[SourceDate "2020.06.24"]
[SourceVersion "1"]
[SourceVersionDate "2020.06.25"]
[SourceQuality "1"]

1. d4 d5 2. c4 e6 3. Nc3 Be7 4. Nf3 Nf6 5. Bf4 dxc4 6. e3 a6 7. Bxc4 b5 8. Bb3
Bb7 9. O-O O-O 10. Qe2 c5 11. dxc5 Bxc5 12. e4 b4 13. Na4 Be7 14. Rfd1 Qa5 15.
Nd2 Qb5 16. Qe1 Qh5 17. f3 Nc6 18. Nc4 e5 19. Be3 Nd4 20. Bxd4 exd4 21. Rxd4
Bc6 22. Kh1 Nd7 23. Rad1 Bh4 24. Qg1 Nf6 25. Ne3 g6 26. e5 Ne8 27. Nb6 Ra7 28.
Nbd5 Bg3 29. f4 Kh8 30. Nf1 Bh4 31. Nxb4 Bb5 32. Nd5 Ng7 33. Nf6 Qh6 34. Ne4
Qh5 35. Nf6 Qh6 36. Ne3 Nf5 37. Nxf5 gxf5 38. Rd8 Ra8 39. Rxa8 Rxa8 40. Qb6 Qf8
41. Qd6 Qc8 42. Qe7 Qf8 43. Qxf8+ Rxf8 44. g3 1-0

[Event "La Pobla de Lillet op"]
[Site "La Pobla de Lillet ESP"]
[Date "2009.??.??"]
[Round "7.6"]
[White "Barsov, A."]
[Black "Campos Olaya, I."]
[Result "1/2-1/2"]
[WhiteElo "2511"]
[BlackElo "2148"]
[PlyCount "112"]
[EventDate "2009.08.02"]
[EventType "swiss"]
[EventRounds "9"]
[EventCountry "ESP"]
[SourceTitle "Ajedrez en Madrid"]
[Source "lmi"]
[SourceDate "2020.06.24"]
[SourceVersion "1"]
[SourceVersionDate "2020.06.25"]
[SourceQuality "1"]

1. d4 d5 2. c4 c6 3. Nf3 Nf6 4. Nc3 e6 5. e3 Be7 6. Bd3 Nbd7 7. O-O O-O 8. b3
b6 9. Bb2 Bb7 10. Qe2 c5 11. cxd5 exd5 12. Rfd1 Re8 13. Rac1 Bf8 14. Ba6 Qc8
15. Bxb7 Qxb7 16. Qd3 Rad8 17. dxc5 Nxc5 18. Qf5 Qd7 19. Nd4 Nfe4 20. Qf3 g6
21. Ndb5 Bg7 22. Rxd5 Qe7 23. Rcd1 a6 24. Nd4 Nxc3 25. Bxc3 Rxd5 26. Qxd5 Ne4
27. Nc6 Qh4 28. g3 Qg4 29. Bxg7 Kxg7 30. Qd4+ Kg8 31. Qd7 Re6 32. Ne5 Qf5 33.
Nd3 Qf3 34. Rf1 h5 35. Nf4 Rd6 36. Qe8+ Kg7 37. Qe5+ Kg8 38. Qe8+ Kg7 39. Qe5+
Kg8 40. Nh3 h4 41. Qf4 Qxf4 42. Nxf4 hxg3 43. fxg3 Rd2 44. Ra1 Ng5 45. Rf1 Rxa2
46. Nd5 b5 47. h4 Ne4 48. g4 Rd2 49. Nc7 Rd3 50. b4 Rxe3 51. g5 Rg3+ 52. Kh2
Rg4 53. Kh3 Rg3+ 54. Kh2 Rg4 55. Kh3 Rg3+ 56. Kh2 Rg4 1/2-1/2

[Event "La Pobla de Lillet op"]
[Site "La Pobla de Lillet ESP"]
[Date "2009.??.??"]
[Round "7.7"]
[White "Guerra Bastida, D."]
[Black "Blanco Sanchez, JF."]
[Result "1-0"]
[WhiteElo "2419"]
[BlackElo "2125"]
[PlyCount "75"]
[EventDate "2009.08.02"]
[EventType "swiss"]
[EventRounds "9"]
[EventCountry "ESP"]
[SourceTitle "Ajedrez en Madrid"]
[Source "lmi"]
[SourceDate "2020.06.24"]
[SourceVersion "1"]
[SourceVersionDate "2020.06.25"]
[SourceQuality "1"]

1. e4 c5 2. Nf3 d6 3. Bb5+ Nd7 4. d4 cxd4 5. Qxd4 Ngf6 6. Bg5 e5 7. Qd3 Be7 8.
Bxf6 gxf6 9. Nc3 a6 10. Bxd7+ Bxd7 11. O-O Rc8 12. Rfd1 Be6 13. Nd2 Qd7 14. Nf1
f5 15. Ng3 fxe4 16. Ngxe4 Rc6 17. Ng3 f5 18. Nd5 Rc5 19. c4 Bxd5 20. cxd5 O-O
21. f3 Bh4 22. Ne2 Bg5 23. b4 Rcc8 24. f4 Bf6 25. fxe5 dxe5 26. d6 Kh8 27. Rac1
Bg5 28. Rxc8 Rxc8 29. Ng3 Rf8 30. Rf1 f4 31. Ne4 Bd8 32. Nc5 Bb6 33. Qd5 Re8
34. Re1 Re6 35. Kh1 Bxc5 36. bxc5 e4 37. Rxe4 Qb5 38. Qd4+ 1-0

[Event "La Pobla de Lillet op"]
[Site "La Pobla de Lillet ESP"]
[Date "2009.??.??"]
[Round "7.8"]
[White "Prats Rodriguez, JB."]
[Black "Tarrago Antoni, M."]
[Result "0-1"]
[WhiteElo "2074"]
[BlackElo "2255"]
[PlyCount "58"]
[EventDate "2009.08.02"]
[EventType "swiss"]
[EventRounds "9"]
[EventCountry "ESP"]
[SourceTitle "Ajedrez en Madrid"]
[Source "lmi"]
[SourceDate "2020.06.24"]
[SourceVersion "1"]
[SourceVersionDate "2020.06.25"]
[SourceQuality "1"]

1. e4 c5 2. Nc3 a6 3. g3 b5 4. Bg2 Bb7 5. d3 e6 6. f4 d5 7. e5 h5 8. h4 Nc6 9.
Nh3 Nge7 10. Ne2 Nf5 11. c3 Qb6 12. Ng5 Be7 13. Bf3 g6 14. Kf1 Bxg5 15. hxg5 d4
16. g4 Nxe5 17. Bxb7 Qxb7 18. Rh3 Nxg4 19. cxd4 cxd4 20. Qb3 O-O 21. Ng1 Nfe3+
22. Bxe3 Nxe3+ 23. Rxe3 dxe3 24. Ke2 Qg2+ 25. Kxe3 Rac8 26. Ne2 Rfd8 27. Rg1
Qc6 28. Rc1 Qb6+ 29. Kf3 Rxc1 0-1

[Event "La Pobla de Lillet op"]
[Site "La Pobla de Lillet ESP"]
[Date "2009.??.??"]
[Round "7.10"]
[White "Chalmeta Ugas, R."]
[Black "Ayza Casamitjana, A."]
[Result "1-0"]
[WhiteElo "2222"]
[BlackElo "1872"]
[PlyCount "57"]
[EventDate "2009.08.02"]
[EventType "swiss"]
[EventRounds "9"]
[EventCountry "ESP"]
[SourceTitle "Ajedrez en Madrid"]
[Source "lmi"]
[SourceDate "2020.06.24"]
[SourceVersion "1"]
[SourceVersionDate "2020.06.25"]
[SourceQuality "1"]

1. b3 e5 2. Bb2 Nc6 3. e3 Nf6 4. Bb5 d6 5. Bxc6+ bxc6 6. Ne2 c5 7. d3 Be7 8.
Nd2 O-O 9. h3 Be6 10. O-O Nd7 11. f4 f5 12. fxe5 Nxe5 13. Nf4 Bf7 14. Nf3 Nxf3+
15. Qxf3 Bf6 16. d4 cxd4 17. exd4 c5 18. Rad1 Qb6 19. Nd5 Bxd5 20. Qxd5+ Kh8
21. Rxf5 Rad8 22. Kh1 h6 23. Rdf1 Rfe8 24. Rxf6 gxf6 25. Rxf6 Re1+ 26. Kh2 Qc7
27. Rxh6+ Kg7 28. Qg5+ Kf8 29. Rh8+ 1-0

[Event "La Pobla de Lillet op"]
[Site "La Pobla de Lillet ESP"]
[Date "2009.08.08"]
[Round "7.13"]
[White "Luke Brezmes, C."]
[Black "Capellades Subirana, M."]
[Result "0-1"]
[WhiteElo "2065"]
[BlackElo "2210"]
[PlyCount "92"]
[EventDate "2009.08.02"]
[EventType "swiss"]
[EventRounds "9"]
[EventCountry "ESP"]
[SourceTitle "Ajedrez en Madrid"]
[Source "lmi"]
[SourceDate "2020.06.24"]
[SourceVersion "1"]
[SourceVersionDate "2020.06.25"]
[SourceQuality "1"]

1. e4 e5 2. Nc3 Nc6 3. f4 exf4 4. Nf3 g5 5. h4 g4 6. Ng5 d6 7. Bc4 Ne5 8. Bb3
h6 9. d4 hxg5 10. dxe5 Bg7 11. e6 Bxe6 12. Bxe6 fxe6 13. Qxg4 Qe7 14. g3 O-O-O
15. gxf4 Rxh4 16. Rxh4 gxh4 17. Bd2 Nh6 18. Qh3 Kb8 19. O-O-O Nf7 20. Rh1 Bf6
21. Be1 Rh8 22. Kb1 c6 23. Bf2 e5 24. Qe3 b6 25. f5 Bg5 26. Qd3 Kb7 27. a4 Nh6
28. a5 bxa5 29. Na4 Rb8 30. Qb3+ Ka8 31. Qc4 Ng4 32. Be1 Qb7 33. Rg1 h3 34. Qf1
h2 35. Rxg4 Qb5 36. Qh1 Bf4 37. Bg3 Qxa4 38. Bxf4 exf4 39. Rxf4 Qd4 40. b3 Qg1+
41. Rf1 Rg8 42. Ka2 Rg2 43. f6 Qxh1 44. Rxh1 Rxc2+ 45. Ka3 Rf2 46. Ka4 Ra2# 0-1

[Event "La Pobla de Lillet op"]
[Site "La Pobla de Lillet ESP"]
[Date "2009.08.08"]
[Round "7.15"]
[White "Corrigüelas Armillas, F."]
[Black "Garcia Galeote, L."]
[Result "1/2-1/2"]
[WhiteElo "2000"]
[BlackElo "2081"]
[PlyCount "50"]
[EventDate "2009.08.02"]
[EventType "swiss"]
[EventRounds "9"]
[EventCountry "ESP"]
[SourceTitle "Ajedrez en Madrid"]
[Source "lmi"]
[SourceDate "2020.06.24"]
[SourceVersion "1"]
[SourceVersionDate "2020.06.25"]
[SourceQuality "1"]

1. e4 Nc6 2. Nf3 d6 3. d4 Nf6 4. Nc3 Bg4 5. Be2 e6 6. O-O Be7 7. Be3 O-O 8. Nd2
Bxe2 9. Qxe2 d5 10. e5 Nd7 11. f4 f5 12. exf6 Rxf6 13. f5 Nf8 14. Qb5 a6 15.
Qe2 exf5 16. Qf3 f4 17. Bxf4 Rf5 18. Qd3 Rf7 19. Nb3 Ne6 20. Be3 Bf6 21. Rf3
Qd7 22. Raf1 Raf8 23. Kh1 Ne7 24. Ne2 Ng6 25. Ng3 Bg5 1/2-1/2

[Event "La Pobla de Lillet op"]
[Site "La Pobla de Lillet ESP"]
[Date "2009.??.??"]
[Round "8.1"]
[White "Granero Roca, A."]
[Black "Martinez Duany, LS."]
[Result "1/2-1/2"]
[WhiteElo "2433"]
[BlackElo "2507"]
[PlyCount "22"]
[EventDate "2009.08.02"]
[EventType "swiss"]
[EventRounds "9"]
[EventCountry "ESP"]
[SourceTitle "Ajedrez en Madrid"]
[Source "lmi"]
[SourceDate "2020.06.24"]
[SourceVersion "1"]
[SourceVersionDate "2020.06.25"]
[SourceQuality "1"]

1. d4 Nf6 2. c4 d6 3. Nc3 Nbd7 4. e4 e5 5. Nf3 g6 6. d5 Nc5 7. Qc2 a5 8. Be3 b6
9. h3 Be7 10. g4 h5 11. g5 Nh7 1/2-1/2

[Event "La Pobla de Lillet op"]
[Site "La Pobla de Lillet ESP"]
[Date "2009.??.??"]
[Round "8.2"]
[White "Cuartas Medina, JA."]
[Black "Oms Fuentes, L."]
[Result "1-0"]
[WhiteElo "2521"]
[BlackElo "2351"]
[PlyCount "91"]
[EventDate "2009.08.02"]
[EventType "swiss"]
[EventRounds "9"]
[EventCountry "ESP"]
[SourceTitle "Ajedrez en Madrid"]
[Source "lmi"]
[SourceDate "2020.06.24"]
[SourceVersion "1"]
[SourceVersionDate "2020.06.25"]
[SourceQuality "1"]

1. e4 c5 2. Nf3 e6 3. d4 cxd4 4. Nxd4 Nf6 5. Nc3 Nc6 6. Ndb5 Bb4 7. a3 Bxc3+ 8.
Nxc3 d5 9. exd5 exd5 10. Bd3 O-O 11. O-O Bg4 12. f3 Be6 13. Kh1 h6 14. Ne2 Rc8
15. Be3 Nd7 16. Nd4 Nde5 17. Nxc6 Nxc6 18. c3 Qf6 19. Bb1 Rfd8 20. Qa4 Qe5 21.
Bg1 Qe2 22. Rf2 Qe3 23. Qd1 d4 24. Rd2 Qf4 25. cxd4 Bb3 26. Bc2 Bd5 27. Re2 Qf6
28. Qd3 g6 29. Rae1 Kg7 30. Qd2 Rd7 31. Be3 Rh8 32. Bf4 Bxf3 33. Be5 Nxe5 34.
Rxe5 Bc6 35. d5 Rhd8 36. Bb3 b6 37. Kg1 Bb7 38. Qc3 Kh7 39. Rf1 Qd6 40. Qe3 Kg7
41. Qd4 Qc5 42. Qxc5 bxc5 43. d6 f5 44. Ba4 Ba6 45. Bxd7 Bxf1 46. Re7+ 1-0

[Event "La Pobla de Lillet op"]
[Site "La Pobla de Lillet ESP"]
[Date "2009.??.??"]
[Round "8.3"]
[White "Mirzoev, A."]
[Black "Ayza Ballester, J."]
[Result "1-0"]
[WhiteElo "2559"]
[BlackElo "2294"]
[PlyCount "57"]
[EventDate "2009.08.02"]
[EventType "swiss"]
[EventRounds "9"]
[EventCountry "ESP"]
[SourceTitle "Ajedrez en Madrid"]
[Source "lmi"]
[SourceDate "2020.06.24"]
[SourceVersion "1"]
[SourceVersionDate "2020.06.25"]
[SourceQuality "1"]

1. d4 d5 2. c4 dxc4 3. e3 Nf6 4. Bxc4 e6 5. Nf3 Nbd7 6. O-O Bd6 7. Nc3 O-O 8.
e4 e5 9. Bg5 h6 10. Bh4 c6 11. Bg3 Qe7 12. Nh4 Nb6 13. Ng6 Qd8 14. Bb3 exd4 15.
Bxd6 Qxd6 16. e5 Qb4 17. exf6 dxc3 18. bxc3 Qxc3 19. Qd6 Re8 20. Ne7+ Rxe7 21.
fxe7 Bd7 22. Rad1 Qf6 23. Qxf6 gxf6 24. Rfe1 Re8 25. Rd3 Nd5 26. Bxd5 cxd5 27.
Rxd5 Bc6 28. Rd8 f5 29. Rc1 1-0

[Event "La Pobla de Lillet op"]
[Site "La Pobla de Lillet ESP"]
[Date "2009.??.??"]
[Round "8.4"]
[White "Tarrago Antoni, M."]
[Black "Guerra Bastida, D."]
[Result "1/2-1/2"]
[WhiteElo "2255"]
[BlackElo "2419"]
[PlyCount "115"]
[EventDate "2009.08.02"]
[EventType "swiss"]
[EventRounds "9"]
[EventCountry "ESP"]
[SourceTitle "Ajedrez en Madrid"]
[Source "lmi"]
[SourceDate "2020.06.24"]
[SourceVersion "1"]
[SourceVersionDate "2020.06.25"]
[SourceQuality "1"]

1. Nf3 e6 2. c4 f5 3. g3 Nf6 4. Bg2 d5 5. O-O c6 6. d3 dxc4 7. dxc4 Qxd1 8.
Rxd1 Nbd7 9. Bf4 Bc5 10. Ne5 Nxe5 11. Bxe5 Bxf2+ 12. Kxf2 Ng4+ 13. Kg1 Nxe5 14.
b3 Ng4 15. Nc3 e5 16. h3 Ne3 17. Rd3 f4 18. Nd1 Nxg2 19. Kxg2 Bf5 20. Rd2 Ke7
21. Nc3 Rad8 22. Rad1 Rxd2 23. Rxd2 Rd8 24. Rxd8 Kxd8 25. h4 fxg3 26. Kxg3 Ke7
27. c5 Kf6 28. b4 a6 29. a3 g5 30. e3 Kg6 31. e4 Be6 32. Nd1 Kh5 33. hxg5 Kxg5
34. Nf2 h5 35. Nd3 h4+ 36. Kg2 Kg4 37. Nxe5+ Kf4 38. Ng6+ Kxe4 39. Nxh4 Kd3 40.
Kf2 Kc4 41. Ke2 Kb3 42. Kd3 Bg4 43. Ng2 Bf5+ 44. Kd4 Kxa3 45. Kc3 Ka4 46. Ne3
Be6 47. Nc2 Bd5 48. Nd4 Be4 49. Ne6 a5 50. bxa5 Kxa5 51. Nd4 Bd5 52. Nf5 Ka6
53. Nd6 Ka7 54. Kb4 Kb8 55. Ka5 Kc7 56. Ne8+ Kd7 57. Nd6 b5 58. Nxb5 1/2-1/2

[Event "La Pobla de Lillet op"]
[Site "La Pobla de Lillet ESP"]
[Date "2009.??.??"]
[Round "8.5"]
[White "Pascual Genoves, M."]
[Black "Matnadze, A."]
[Result "0-1"]
[WhiteElo "2227"]
[BlackElo "2413"]
[PlyCount "64"]
[EventDate "2009.08.02"]
[EventType "swiss"]
[EventRounds "9"]
[EventCountry "ESP"]
[SourceTitle "Ajedrez en Madrid"]
[Source "lmi"]
[SourceDate "2020.06.24"]
[SourceVersion "1"]
[SourceVersionDate "2020.06.25"]
[SourceQuality "1"]

1. e4 c5 2. Nf3 d6 3. Bb5+ Nc6 4. c3 Nf6 5. Qe2 Bg4 6. h3 Bxf3 7. Qxf3 e5 8.
O-O Be7 9. Na3 O-O 10. Nc2 Qb6 11. Be2 Nd8 12. d3 Ne6 13. Rb1 Qa5 14. a3 Qc7
15. g3 Kh8 16. Qg2 Rg8 17. Ne3 g6 18. Kh1 Qd7 19. Nd5 Nxd5 20. exd5 Nc7 21. c4
f5 22. f4 Bf6 23. b4 b6 24. g4 exf4 25. Bxf4 g5 26. Bd2 f4 27. Bf3 cxb4 28.
axb4 a5 29. Qf2 Qg7 30. Qxb6 a4 31. Rfc1 a3 32. d4 Ra6 0-1

[Event "La Pobla de Lillet op"]
[Site "La Pobla de Lillet ESP"]
[Date "2009.??.??"]
[Round "8.6"]
[White "Guramishvili, S."]
[Black "Chalmeta Ugas, R."]
[Result "1-0"]
[WhiteElo "2339"]
[BlackElo "2222"]
[PlyCount "119"]
[EventDate "2009.08.02"]
[EventType "swiss"]
[EventRounds "9"]
[EventCountry "ESP"]
[SourceTitle "Ajedrez en Madrid"]
[Source "lmi"]
[SourceDate "2020.06.24"]
[SourceVersion "1"]
[SourceVersionDate "2020.06.25"]
[SourceQuality "1"]

1. g3 g6 2. Bg2 Bg7 3. c4 Nf6 4. Nc3 O-O 5. e4 d6 6. Nge2 c5 7. O-O Nc6 8. d3
a6 9. h3 Rb8 10. f4 Nd4 11. Nxd4 cxd4 12. Ne2 Nd7 13. f5 b5 14. cxb5 Rxb5 15.
b3 Qb6 16. g4 d5 17. exd5 Bb7 18. Nf4 Nf6 19. fxg6 hxg6 20. Qe1 Qd6 21. b4 Nxd5
22. a4 Rb6 23. Bxd5 Bxd5 24. Nxd5 Qxd5 25. Qxe7 Re6 26. Qc5 Qxc5 27. bxc5 Rc8
28. Rb1 Rxc5 29. Rb8+ Kh7 30. Rb7 Re2 31. Ba3 Rc3 32. Bb4 Rxd3 33. Rfxf7 Rd1+
34. Rf1 Rxf1+ 35. Kxf1 Re8 36. Rd7 Kg8 37. Bc5 Re4 38. Rd8+ Kf7 39. Rd7+ Kg8
40. a5 Bf6 41. Rd6 Kf7 42. Rxa6 d3 43. Rd6 Be7 44. Rd7 d2 45. Bf2 Ra4 46. Bb6
Ke6 47. Rxd2 Bb4 48. Rf2 Bxa5 49. Bxa5 Rxa5 50. Kg2 g5 51. Kg3 Ra3+ 52. Rf3
Rxf3+ 53. Kxf3 Kd5 54. Kg3 Ke5 55. h4 gxh4+ 56. Kxh4 Kf6 57. Kh5 Kg7 58. Kg5
Kg8 59. Kg6 Kf8 60. Kh7 1-0

[Event "La Pobla de Lillet op"]
[Site "La Pobla de Lillet ESP"]
[Date "2009.??.??"]
[Round "8.7"]
[White "Perez Campos, A."]
[Black "Movsziszian, K."]
[Result "1-0"]
[WhiteElo "2215"]
[BlackElo "2570"]
[PlyCount "95"]
[EventDate "2009.08.02"]
[EventType "swiss"]
[EventRounds "9"]
[EventCountry "ESP"]
[SourceTitle "Ajedrez en Madrid"]
[Source "lmi"]
[SourceDate "2020.06.24"]
[SourceVersion "1"]
[SourceVersionDate "2020.06.25"]
[SourceQuality "1"]

1. e4 c5 2. Nf3 d6 3. d4 Nf6 4. Nc3 cxd4 5. Nxd4 a6 6. Bg5 e6 7. f4 Nbd7 8. Qf3
Qc7 9. O-O-O Be7 10. g4 b5 11. Bxf6 Nxf6 12. g5 Nd7 13. f5 Bxg5+ 14. Kb1 O-O
15. fxe6 Nb6 16. Nd5 Nxd5 17. exd5 fxe6 18. Qh5 e5 19. Bd3 Bh6 20. Rdf1 Bd7 21.
Ne6 Bxe6 22. dxe6 Qe7 23. Be4 Rae8 24. Bd5 Bf4 25. Rhg1 Rf6 26. h4 Ref8 27. Qe2
g6 28. Rf3 Kh8 29. Rgf1 Rf5 30. Ra3 Qxh4 31. Rxa6 Bg5 32. Rxf5 Rxf5 33. a3 e4
34. Qxb5 Kg7 35. Qb7+ Kh6 36. Ra7 Be7 37. Bxe4 Re5 38. Bd5 Qd4 39. Bb3 Bf6 40.
c3 Qd3+ 41. Ka2 Re1 42. Qxh7+ Kg5 43. Ra5+ Kg4 44. Bd5 Re2 45. Qb7 Bxc3 46.
Ra4+ Kg3 47. Bc4 Qf3 48. Qxf3+ 1-0

[Event "La Pobla de Lillet op"]
[Site "La Pobla de Lillet ESP"]
[Date "2009.??.??"]
[Round "8.8"]
[White "Capellades Subirana, M."]
[Black "Barsov, A."]
[Result "0-1"]
[WhiteElo "2210"]
[BlackElo "2511"]
[PlyCount "94"]
[EventDate "2009.08.02"]
[EventType "swiss"]
[EventRounds "9"]
[EventCountry "ESP"]
[SourceTitle "Ajedrez en Madrid"]
[Source "lmi"]
[SourceDate "2020.06.24"]
[SourceVersion "1"]
[SourceVersionDate "2020.06.25"]
[SourceQuality "1"]

1. e4 e6 2. d4 d5 3. Nd2 c5 4. dxc5 Bxc5 5. Nb3 Bb6 6. exd5 Nf6 7. Bb5+ Bd7 8.
Bxd7+ Qxd7 9. Nf3 Qxd5 10. Qxd5 Nxd5 11. Bd2 Nc6 12. O-O e5 13. c4 Nde7 14. Bc3
f6 15. Nfd2 O-O-O 16. Rfd1 h5 17. Kf1 Nf5 18. a4 Bd4 19. Ne4 Bxc3 20. Nxc3 Nb4
21. Rxd8+ Rxd8 22. Rd1 Nd6 23. Nd5 Ne4 24. f3 Nxd5 25. Rxd5 Rxd5 26. cxd5 Nd6
27. Nd2 Nf5 28. Nc4 Kd7 29. Ke2 Ne7 30. Ne3 Kd6 31. Kd3 f5 32. g3 g5 33. g4
hxg4 34. fxg4 f4 35. Nd1 Nxd5 36. Nf2 Nf6 37. Nh3 Kd5 38. Nxg5 e4+ 39. Ke2 Nxg4
40. h4 f3+ 41. Nxf3 exf3+ 42. Kxf3 Ne5+ 43. Kg3 Nd3 44. h5 Ke6 45. b3 Nc5 46.
Kf4 Nxb3 47. Kg5 Kf7 0-1

[Event "La Pobla de Lillet op"]
[Site "La Pobla de Lillet ESP"]
[Date "2009.??.??"]
[Round "8.9"]
[White "Ayza Leon, D."]
[Black "Companyo Pagerols, JM."]
[Result "1-0"]
[WhiteElo "2216"]
[BlackElo "2079"]
[PlyCount "69"]
[EventDate "2009.08.02"]
[EventType "swiss"]
[EventRounds "9"]
[EventCountry "ESP"]
[SourceTitle "Ajedrez en Madrid"]
[Source "lmi"]
[SourceDate "2020.06.24"]
[SourceVersion "1"]
[SourceVersionDate "2020.06.25"]
[SourceQuality "1"]

1. e4 e6 2. d4 d5 3. e5 c5 4. c3 Nc6 5. Nf3 Qb6 6. a3 cxd4 7. cxd4 Nh6 8. b4
Nf5 9. Bb2 Be7 10. Bd3 a5 11. Qa4 O-O 12. b5 Nh4 13. Nxh4 Bxh4 14. g3 Be7 15.
Bc3 Nd8 16. Nd2 f6 17. f4 fxe5 18. fxe5 Bd7 19. Rf1 Rxf1+ 20. Kxf1 Nf7 21. Kg2
Nh6 22. Nf3 Nf5 23. Bd2 g6 24. h4 Qa7 25. g4 Ng7 26. Rf1 Rc8 27. Bg5 Bf8 28.
Qb3 a4 29. Qb1 Rc3 30. h5 Bxa3 31. h6 Rb3 32. Qd1 Ne8 33. Qe2 Nc7 34. Nd2 Rxd3
35. Qf2 1-0

[Event "La Pobla de Lillet op"]
[Site "La Pobla de Lillet ESP"]
[Date "2009.??.??"]
[Round "8.10"]
[White "Campos Olaya, I."]
[Black "Gallart Zafra, J."]
[Result "0-1"]
[WhiteElo "2148"]
[BlackElo "2161"]
[PlyCount "66"]
[EventDate "2009.08.02"]
[EventType "swiss"]
[EventRounds "9"]
[EventCountry "ESP"]
[SourceTitle "Ajedrez en Madrid"]
[Source "lmi"]
[SourceDate "2020.06.24"]
[SourceVersion "1"]
[SourceVersionDate "2020.06.25"]
[SourceQuality "1"]

1. c4 Nf6 2. Nf3 e6 3. g3 d5 4. Bg2 Be7 5. O-O O-O 6. b3 c5 7. cxd5 exd5 8. Bb2
Nc6 9. d3 Re8 10. Nbd2 Bg4 11. h3 Bh5 12. Re1 d4 13. g4 Bg6 14. Nh4 Nd5 15.
Nxg6 hxg6 16. Nf3 Nf4 17. Bc1 Nxg2 18. Kxg2 Qd5 19. Bf4 Bd6 20. Qd2 Re6 21.
Bxd6 Rxd6 22. Qg5 Re8 23. Rac1 Re5 24. Qf4 Rf6 25. Qg3 Re8 26. Kg1 Nb4 27. Qc7
b6 28. Qxa7 Rxe2 29. Rxe2 Qxf3 30. Re8+ Kh7 31. Rf1 Qxh3 32. f3 Qg3+ 33. Kh1 g5
0-1

[Event "La Pobla de Lillet op"]
[Site "La Pobla de Lillet ESP"]
[Date "2009.08.09"]
[Round "8.15"]
[White "Garcia Galeote, L."]
[Black "Goldschmidt, A."]
[Result "1/2-1/2"]
[WhiteElo "2081"]
[BlackElo "1965"]
[PlyCount "36"]
[EventDate "2009.08.02"]
[EventType "swiss"]
[EventRounds "9"]
[EventCountry "ESP"]
[SourceTitle "Ajedrez en Madrid"]
[Source "lmi"]
[SourceDate "2020.06.24"]
[SourceVersion "1"]
[SourceVersionDate "2020.06.25"]
[SourceQuality "1"]

1. d4 Nf6 2. c4 e6 3. Nc3 Bb4 4. a3 Bxc3+ 5. bxc3 c5 6. e3 O-O 7. Bd3 Nc6 8.
Ne2 Na5 9. e4 d6 10. Bg5 h6 11. Bh4 e5 12. O-O g5 13. Bg3 Qe7 14. f3 Nh5 15.
Bf2 b6 16. g4 Ng7 17. Ng3 Ba6 18. Qe2 Qe6 1/2-1/2